<?xml version="1.0" encoding="UTF-8"?>
<record
    xmlns:xsi="http://www.w3.org/2001/XMLSchema-instance"
    xsi:schemaLocation="http://www.loc.gov/MARC21/slim http://www.loc.gov/standards/marcxml/schema/MARC21slim.xsd"
    xmlns="http://www.loc.gov/MARC21/slim">

  <leader>01728nam a22002537a 4500</leader>
  <datafield tag="999" ind1=" " ind2=" ">
    <subfield code="c">62586</subfield>
    <subfield code="d">62586</subfield>
  </datafield>
  <controlfield tag="003">Ge_BSU</controlfield>
  <controlfield tag="005">20241212113442.0</controlfield>
  <controlfield tag="008">241212s2024    ge ||||| |||| 00| 0 geo d</controlfield>
  <datafield tag="020" ind1=" " ind2=" ">
    <subfield code="a">9789941870019</subfield>
  </datafield>
  <datafield tag="041" ind1=" " ind2=" ">
    <subfield code="a">geo</subfield>
  </datafield>
  <datafield tag="080" ind1=" " ind2=" ">
    <subfield code="a">911.52(479.223) &#x10E9;-59</subfield>
  </datafield>
  <datafield tag="100" ind1=" " ind2=" ">
    <subfield code="a">&#x10E9;&#x10D8;&#x10D9;&#x10D5;&#x10D0;&#x10D8;&#x10EB;&#x10D4;, &#x10E0;&#x10D4;&#x10D5;&#x10D0;&#x10D6; </subfield>
    <subfield code="9">23949</subfield>
  </datafield>
  <datafield tag="245" ind1=" " ind2=" ">
    <subfield code="a">&#x10E5;&#x10D4;&#x10D3;&#x10D8;&#x10E1; &#x10DB;&#x10E3;&#x10DC;&#x10D8;&#x10EA;&#x10D8;&#x10DE;&#x10D0;&#x10DA;&#x10D8;&#x10E2;&#x10D4;&#x10E2;&#x10D8; :</subfield>
    <subfield code="b">&#x10E5;&#x10D4;&#x10D3;&#x10D8;&#x10E1; &#x10DB;&#x10E3;&#x10DC;&#x10D8;&#x10EA;&#x10D8;&#x10DE;&#x10D0;&#x10DA;&#x10D8;&#x10E2;&#x10D4;&#x10E2;&#x10D8;&#x10E1; &#x10E4;&#x10D8;&#x10D6;&#x10D8;&#x10D9;&#x10E3;&#x10E0;-&#x10D2;&#x10D4;&#x10DD;&#x10D2;&#x10E0;&#x10D0;&#x10E4;&#x10D8;&#x10E3;&#x10DA;&#x10D8; &#x10D3;&#x10D0; &#x10D4;&#x10D9;&#x10DD;&#x10DC;&#x10DD;&#x10DB;&#x10D8;&#x10D9;&#x10E3;&#x10E0;-&#x10D2;&#x10D4;&#x10DD;&#x10D2;&#x10E0;&#x10D0;&#x10E4;&#x10D8;&#x10E3;&#x10DA;&#x10D8; &#x10D2;&#x10D0;&#x10DB;&#x10DD;&#x10D9;&#x10D5;&#x10DA;&#x10D4;&#x10D5;&#x10D0; : [&#x10DB;&#x10DD;&#x10DC;&#x10DD;&#x10D2;&#x10E0;&#x10D0;&#x10E4;&#x10D8;&#x10D0;] /</subfield>
    <subfield code="c">&#x10E0;&#x10D4;&#x10D5;&#x10D0;&#x10D6; &#x10E9;&#x10D8;&#x10D9;&#x10D5;&#x10D0;&#x10D8;&#x10EB;&#x10D4; ; &#x10E0;&#x10D4;&#x10D3;&#x10D0;&#x10E5;&#x10E2;&#x10DD;&#x10E0;&#x10D4;&#x10D1;&#x10D8;: &#x10DC;. &#x10EF;&#x10D8;&#x10D1;&#x10E3;&#x10E2;&#x10D8;, &#x10D6;. &#x10E1;&#x10D4;&#x10E4;&#x10D4;&#x10E0;&#x10D7;&#x10D4;&#x10DA;&#x10D0;&#x10EB;&#x10D4;.</subfield>
  </datafield>
  <datafield tag="264" ind1=" " ind2=" ">
    <subfield code="a">&#x10D1;&#x10D0;&#x10D7;&#x10E3;&#x10DB;&#x10D8; : </subfield>
    <subfield code="b">&#x10D1;&#x10D4;&#x10E2;&#x10D0; &#x10DE;&#x10E0;&#x10D8;&#x10DC;&#x10E2;&#x10D8;, </subfield>
    <subfield code="c">2024.</subfield>
  </datafield>
  <datafield tag="300" ind1=" " ind2=" ">
    <subfield code="a">172 &#x10D2;&#x10D5;. : </subfield>
    <subfield code="b">&#x10E4;&#x10DD;&#x10E2;., 1. &#x10E4;. &#x10D3;&#x10D0;&#x10D9;&#x10D4;&#x10EA;. &#x10E0;&#x10E3;&#x10D9;&#x10D0; ; </subfield>
    <subfield code="c">19 &#x10E1;&#x10DB;.</subfield>
  </datafield>
  <datafield tag="500" ind1=" " ind2=" ">
    <subfield code="a">&#x10EC;&#x10D8;&#x10D2;&#x10DC;&#x10D8; &#x10D4;&#x10EB;&#x10E6;&#x10D5;&#x10DC;&#x10D4;&#x10D1;&#x10D0; &#x10E8;&#x10DD;&#x10E0;&#x10D4;&#x10E3;&#x10DA;&#x10D8; &#x10DC;&#x10D0;&#x10DD;&#x10E1;&#x10DC;&#x10DD;&#x10D1;&#x10D8;&#x10E1; &#x10E3;&#x10E4;&#x10E0;&#x10DD;&#x10E1; &#x10DB;&#x10D4;&#x10E5;&#x10D0;&#x10DC;&#x10D8;&#x10D9;&#x10DD;&#x10E1;&#x10D8;&#x10E1;, &#x10D7;&#x10D4;&#x10D8;&#x10DB;&#x10E3;&#x10E0;&#x10D0;&#x10D6; &#x10D7;&#x10E3;&#x10E0;&#x10DB;&#x10D0;&#x10DC;&#x10D8;&#x10EB;&#x10D8;&#x10E1; &#x10EE;&#x10E1;&#x10DD;&#x10D5;&#x10DC;&#x10D0;&#x10E1;.</subfield>
  </datafield>
  <datafield tag="504" ind1=" " ind2=" ">
    <subfield code="a">	&#x10D1;&#x10D8;&#x10D1;&#x10DA;&#x10D8;&#x10DD;&#x10D2;&#x10E0;&#x10D0;&#x10E4;&#x10D8;&#x10D0;: &#x10D2;&#x10D5;. 166-170.</subfield>
  </datafield>
  <datafield tag="653" ind1=" " ind2=" ">
    <subfield code="a">&#x10E5;&#x10D4;&#x10D3;&#x10D0;</subfield>
  </datafield>
  <datafield tag="653" ind1=" " ind2=" ">
    <subfield code="a">&#x10E4;&#x10D8;&#x10D6;&#x10D8;&#x10D9;&#x10E3;&#x10E0;-&#x10D2;&#x10D4;&#x10DD;&#x10D2;&#x10E0;&#x10D0;&#x10E4;&#x10D8;&#x10E3;&#x10DA;&#x10D8; &#x10D3;&#x10D0; &#x10D4;&#x10D9;&#x10DD;&#x10DC;&#x10DD;&#x10DB;&#x10D8;&#x10D9;&#x10E3;&#x10E0;-&#x10D2;&#x10D4;&#x10DD;&#x10D2;&#x10E0;&#x10D0;&#x10E4;&#x10D8;&#x10E3;&#x10DA;&#x10D8; &#x10D2;&#x10D0;&#x10DB;&#x10DD;&#x10D9;&#x10D5;&#x10DA;&#x10D4;&#x10D5;&#x10D0;</subfield>
  </datafield>
  <datafield tag="700" ind1=" " ind2=" ">
    <subfield code="a">&#x10EF;&#x10D8;&#x10D1;&#x10E3;&#x10E2;&#x10D8;, &#x10DC;.</subfield>
    <subfield code="e">&#x10E0;&#x10D4;&#x10D3;&#x10D0;&#x10E5;&#x10E2;&#x10DD;&#x10E0;&#x10D8;</subfield>
    <subfield code="9">23950</subfield>
  </datafield>
  <datafield tag="700" ind1=" " ind2=" ">
    <subfield code="a">&#x10E1;&#x10D4;&#x10E4;&#x10D4;&#x10E0;&#x10D7;&#x10D4;&#x10DA;&#x10D0;&#x10EB;&#x10D4;, &#x10D6;.</subfield>
    <subfield code="e">&#x10E0;&#x10D4;&#x10D3;&#x10D0;&#x10E5;&#x10E2;&#x10DD;&#x10E0;&#x10D8;</subfield>
    <subfield code="9">23951</subfield>
  </datafield>
  <datafield tag="773" ind1=" " ind2=" ">
    <subfield code="t">&#x10DC;&#x10D0;&#x10E9;&#x10E3;&#x10E5;&#x10D0;&#x10E0;&#x10D8;</subfield>
  </datafield>
  <datafield tag="942" ind1=" " ind2=" ">
    <subfield code="2">udc</subfield>
    <subfield code="c">&#x1CAC;&#x1C98;&#x1C92;&#x1C9C;&#x1C98;</subfield>
  </datafield>
  <datafield tag="952" ind1=" " ind2=" ">
    <subfield code="0">0</subfield>
    <subfield code="1">0</subfield>
    <subfield code="2">udc</subfield>
    <subfield code="3">&#x10DC;&#x10D0;&#x10E9;&#x10E3;&#x10E5;&#x10D0;&#x10E0;&#x10D8;</subfield>
    <subfield code="4">0</subfield>
    <subfield code="6">91152479223_&#x10E9;59</subfield>
    <subfield code="7">0</subfield>
    <subfield code="9">101384</subfield>
    <subfield code="a">CPL</subfield>
    <subfield code="b">CPL</subfield>
    <subfield code="c">GEN</subfield>
    <subfield code="d">2024-12-12</subfield>
    <subfield code="g">5.00</subfield>
    <subfield code="o">911.52(479.223) &#x10E9;-59</subfield>
    <subfield code="p">66174</subfield>
    <subfield code="r">2024-12-12</subfield>
    <subfield code="t">66174</subfield>
    <subfield code="w">2024-12-12</subfield>
    <subfield code="y">&#x1CAC;&#x1C98;&#x1C92;&#x1C9C;&#x1C98;</subfield>
    <subfield code="z">5 &#x10DA;.</subfield>
  </datafield>
</record>
